000 00685nam a22002057a 4500
005 20230328115202.0
008 230113b bl ||||| |||| 00| 0 por d
020 _a8520324169
050 0 4 _aKHD3012
_bF37 2004
100 1 _aEdilsom, Farias
245 1 0 _aLiberdade de expressao e comunicacao
_b : teoria e protecao constitucional
_c / Edilsom Farias.
250 _a1a ed.
260 _aSao Paulo :
_bEditora Revista dos Tribunais,
_c2004
300 _a304 p. ;
_c21 cm.
504 _aBibliografía : p. 291-304
650 7 _2lemb
_aLibertad de expresión
_zBrasil
650 7 _2lemb
_aLibertad de prensa
_zBrasil
650 7 _2lemb
_aDerecho constitucional
_zBrasil
942 _2lcc
_cLIB
999 _c60044
_d60044